000 00771nas a2200265Ia 4500
001 A50/R024-26523 [r000020277]
003 IT-MiCISF
008 161014c99999999xx |||||||||||| ||und||
040 _aIT-MiCISF
_cIT-MiCISF
041 _aITALIANO
100 _aBeffa Cristina
210 _aFamiglia oggi
222 _aFamiglia oggi
245 0 _aL'embrione è persona
250 _a1a ed.
260 _c1998
501 _bCISF - Centro Internazionale Studi Famiglia - Via Giotto, 36 20145 MILANO (non commercial uses only)
_cCopyright 2016
300 _app. 80-81
362 _an. 5, maggio [1998]
500 _a Tema: maternità, periodo-perinatale
650 _aPROCREAZIONE
_varticolo
700 _aAA.VV.
942 _cCR
957 _71
999 _a26523
_bSi
_g1
_c243081
_d243081